|
|
|
|
| LEADER |
00929nam a22002177a 4500 |
| 008 |
141210b xxu||||| |||| 00| 0 eng d |
| 020 |
|
|
|a 9789382507307
|
| 082 |
|
|
|a 894.8113 MAD
|
| 100 |
|
|
|a മാധവന്, ആ.
|
| 240 |
|
|
|a krishnapparunth
|
| 245 |
|
|
|a കൃഷ്ണപ്പരുന്ത് /
|c ഷാഫി ചെറുമാവിലായി
|
| 250 |
|
|
|a 1st ed.
|
| 260 |
|
|
|a കണ്ണൂര് :
|b കൈരളി ബുക്സ്,
|c 2014.
|
| 300 |
|
|
|a 126p.
|
| 650 |
|
|
|a Novel
|
| 700 |
|
|
|a Madhavan, A A
|
| 700 |
|
|
|a Cherumavilay, Shafi
|
| 942 |
|
|
|2 ddc
|c BK
|
| 999 |
|
|
|c 8898
|d 8898
|
| 952 |
|
|
|0 0
|1 0
|2 ddc
|4 0
|6 894_811300000000000_MAD
|7 0
|9 12675
|a MAIN
|b MAIN
|d 2014-12-10
|e Alfaone Publishers
|g 100.00
|o 894.8113 MAD
|p 12395
|r 2014-12-10
|t 1
|w 2014-12-10
|y BK
|
| 952 |
|
|
|0 0
|1 0
|2 ddc
|4 0
|6 894_811300000000000_MAD
|7 0
|9 12754
|a MAIN
|b MAIN
|d 2014-12-11
|e Kairali Books
|g 100.00
|o 894.8113 MAD
|p 12396
|r 2014-12-11
|t 2
|w 2014-12-11
|y BK
|